[Event "Bayern-chTT (LL Sued)"]
[Site "Bayern 2008/09"]
[Date "2009.01.18"]
[Round "5.7"]
[White "Callenberg, Ralf"]
[Black "Giss, Arthur"]
[Result "1/2-1/2"]
[WhiteElo "1996"]
[BlackElo "2006"]
[PlyCount "71"]
[EventDate "2009.03.??"]
[EventType "team-tourn"]
[EventRounds "9"]
[WhiteTeam "Zugzwang-82 /1"]
[BlackTeam "Dillingen 1"]

1. c4 e5 2. g3 Nc6 3. Bg2 g6 4. Nc3 Bg7 5. d3 d6 6. Nf3 f5 7. Nd5 h6 8. h4 Be6
9. Bd2 Nf6 10. Qb3 Rb8 11. Bc3 Bf7 12. a4 O-O 13. Rd1 Nxd5 14. cxd5 Ne7 15. e4
c6 16. Nd2 cxd5 17. exd5 Qd7 18. Bb4 b5 19. Qa3 Nxd5 20. axb5 Nxb4 21. Qxb4
Qxb5 22. Qxb5 Rxb5 23. Nc4 Rd8 24. Rd2 e4 25. O-O Bxc4 26. dxc4 Rxb2 27. Rd5
Rc2 28. Rfd1 Rxc4 29. Rxd6 Rxd6 30. Rxd6 Kh7 31. h5 g5 32. Bh3 Rc1+ 33. Kh2 g4
34. Bg2 Rc7 35. Rd5 Rf7 36. Rxf5 1/2-1/2

[Event "Bayern-chTT (LL Sued)"]
[Site "Bayern 2008/09"]
[Date "2009.01.18"]
[Round "5.8"]
[White "Nuber, Helene"]
[Black "Huber, Stefan(63)"]
[Result "1/2-1/2"]
[WhiteElo "2030"]
[BlackElo "1962"]
[PlyCount "147"]
[EventDate "2009.03.??"]
[EventType "team-tourn"]
[EventRounds "9"]
[WhiteTeam "Dillingen 1"]
[BlackTeam "Zugzwang-82 /1"]

1. e4 c5 2. d3 g6 3. Be3 Bg7 4. c3 d6 5. g3 Nf6 6. Bg2 Nc6 7. f4 Ng4 8. Bc1 Rb8
9. Nf3 Bd7 10. O-O b5 11. h3 Nh6 12. g4 f6 13. d4 cxd4 14. cxd4 O-O 15. d5 Na5
16. f5 Qb6+ 17. Nd4 Nf7 18. b3 Rfc8 19. Be3 Bh6 20. Bxh6 Nxh6 21. Kh1 Nf7 22.
Na3 Rc3 23. Ne2 Rc7 24. Nc2 Rbc8 25. Ncd4 g5 26. Qd2 Nb7 27. Rfc1 Ne5 28. Rxc7
Rxc7 29. Rc1 Nc5 30. b4 Ncd3 31. Rxc7 Qxc7 32. a3 Qc4 33. Kh2 Be8 34. Ne6 h6
35. Qc3 Bd7 36. N6d4 Qxc3 37. Nxc3 Nc4 38. Ncxb5 a6 39. Nc7 Nxa3 40. Nxa6 Bc8
41. Nb8 Nxb4 42. Nbc6 Nxc6 43. dxc6 Kf8 44. Bf1 Ke8 45. Bd3 Kd8 46. Kg3 Kc7 47.
Kf3 Kb6 48. Ke2 Kc5 49. Ke3 Nc4+ 50. Bxc4 Kxc4 51. Ne6 Kb5 52. Nd8 Kb6 53. Kf3
Kc7 54. Nf7 Kxc6 55. Kg3 Kd7 56. Nxh6 Bb7 57. h4 gxh4+ 58. Kxh4 Bxe4 59. g5
fxg5+ 60. Kxg5 Bd5 61. Ng4 Ke8 62. Kf4 Kf7 63. Ne3 Bc6 64. Ng4 Ba4 65. Nh6+ Kf6
66. Ng4+ Kg7 67. Ne3 Bb3 68. Ke4 Kf6 69. Kf4 Ba2 70. Ng4+ Kg7 71. Ne3 Bb3 72.
Ke4 Kf6 73. Kf4 e5+ 74. fxe6 1/2-1/2

[Event "Bayern-chTT (LL Sued)"]
[Site "Bayern 2008/09"]
[Date "2009.01.18"]
[Round "5.3"]
[White "De Francesco, Klaus"]
[Black "Schleich, Markus"]
[Result "1/2-1/2"]
[WhiteElo "2242"]
[BlackElo "2203"]
[PlyCount "131"]
[EventDate "2009.03.??"]
[EventType "team-tourn"]
[EventRounds "9"]
[WhiteTeam "Weilheim 1"]
[BlackTeam "Garching 1"]

1. d4 f5 2. g3 Nf6 3. Bg2 g6 4. Nf3 Bg7 5. O-O O-O 6. c4 d6 7. Nc3 Qe8 8. b3
Na6 9. Ba3 c6 10. Re1 Rb8 11. e4 fxe4 12. Nxe4 Nxe4 13. Rxe4 Bf5 14. Re1 Qf7
15. Qd2 Nc7 16. Rac1 Bf6 17. Bb2 Rfc8 18. Ba1 Qg7 19. h3 g5 20. g4 Bd7 21. d5
h6 22. Nd4 c5 23. Ne6 Nxe6 24. dxe6 Bc6 25. Bxc6 bxc6 26. Bxf6 Qxf6 27. Qd3 Rf8
28. Rc2 Kg7 29. Rd2 Qf3 30. Re3 Qf6 31. Kg2 Qa1 32. Qe4 Rbc8 33. Rf3 Rxf3 34.
Qxf3 Qf6 35. Qe4 Qg6 36. Qe3 Rf8 37. Re2 Qf6 38. Qe4 Rc8 39. Re3 Rf8 40. Re2
Rc8 41. Rd2 Qg6 42. Qe3 Rf8 43. a3 Rf6 44. Re2 Qb1 45. b4 Qd1 46. bxc5 dxc5 47.
Qe5 Qd3 48. Qe4 Qd6 49. Re3 Rf4 50. Qc2 Qd4 51. Qc3 Qxc3 52. Rxc3 Kf6 53. Rf3
Ke5 54. Rxf4 Kxf4 55. f3 Ke5 56. Kg3 Kxe6 57. h4 Kf6 58. f4 gxh4+ 59. Kxh4 e5
60. g5+ hxg5+ 61. fxg5+ Kg6 62. Kg4 e4 63. Kf4 e3 64. Kxe3 Kxg5 65. Ke4 Kf6 66.
Kf4 1/2-1/2

[Event "Bayern-chTT (LL Sued)"]
[Site "Bayern 2008/09"]
[Date "2009.01.18"]
[Round "5.4"]
[White "Wiegner, Denis"]
[Black "Lochte, Thomas"]
[Result "1-0"]
[WhiteElo "2188"]
[BlackElo "2111"]
[PlyCount "93"]
[EventDate "2009.03.??"]
[EventType "team-tourn"]
[EventRounds "9"]
[WhiteTeam "Garching 1"]
[BlackTeam "Weilheim 1"]

1. e4 e5 2. d4 exd4 3. Qxd4 Nc6 4. Qe3 b6 5. Bd2 Bb7 6. Nc3 Nf6 7. O-O-O Qe7 8.
Qg3 O-O-O 9. Bg5 Qe6 10. Nd5 Bd6 11. Qh4 Ne5 12. Bxf6 gxf6 13. f3 c6 14. Nc3
Ng6 15. Qe1 Be5 16. g3 Bxc3 17. Qxc3 Qxa2 18. Bc4 Qa1+ 19. Kd2 Qa4 20. Ne2 Ne5
21. Bb3 Qb5 22. f4 Ba6 23. Nd4 Nc4+ 24. Bxc4 Qxc4 25. Qxc4 Bxc4 26. Kc3 Ba6 27.
Nf5 d5 28. exd5 cxd5 29. Ne7+ Kb8 30. Rxd5 Rxd5 31. Nxd5 Rc8+ 32. Kd4 Rxc2 33.
Nxf6 Bb7 34. Re1 Rxh2 35. Re8+ Kc7 36. Re7+ Kc6 37. Ng4 Rxb2 38. Ne5+ Kb5 39.
Rxb7 f6 40. Ng4 Rg2 41. Rxa7 f5 42. Ne3 Rxg3 43. Nxf5 Rg4 44. Ke5 h5 45. Rh7
Ka4 46. Rxh5 b5 47. Rg5 1-0

[Event "Bayern-chTT (LL Sued)"]
[Site "Bayern 2008/09"]
[Date "2009.01.18"]
[Round "5.5"]
[White "Jannasch, Franz"]
[Black "Nuessel, Georg"]
[Result "1/2-1/2"]
[WhiteElo "2136"]
[BlackElo "2136"]
[PlyCount "32"]
[EventDate "2009.03.??"]
[EventType "team-tourn"]
[EventRounds "9"]
[WhiteTeam "Weilheim 1"]
[BlackTeam "Garching 1"]

1. e4 d5 2. exd5 Qxd5 3. Nc3 Qd6 4. Nf3 Nf6 5. Be2 a6 6. O-O e6 7. Re1 c5 8. a4
Nc6 9. d3 Be7 10. Be3 Nd4 11. Nd2 Qc7 12. Bf3 O-O 13. Nc4 Bd7 14. a5 Nxf3+ 15.
Qxf3 Bc6 16. Qh3 Nd5 1/2-1/2

[Event "Bayern-chTT (LL Sued)"]
[Site "Bayern 2008/09"]
[Date "2009.01.18"]
[Round "5.6"]
[White "Schlinkmeier, Karsten"]
[Black "Shahin, Walid"]
[Result "1/2-1/2"]
[WhiteElo "2115"]
[BlackElo "2002"]
[PlyCount "45"]
[EventDate "2009.03.??"]
[EventType "team-tourn"]
[EventRounds "9"]
[WhiteTeam "Garching 1"]
[BlackTeam "Weilheim 1"]

1. Nf3 Nf6 2. b3 c5 3. Bb2 d5 4. e3 Nc6 5. Be2 Bg4 6. O-O Qc7 7. c4 dxc4 8.
bxc4 e6 9. Qb3 Rd8 10. Rd1 Bd6 11. h3 Bh2+ 12. Kf1 Bf5 13. Nh4 Bxb1 14. Raxb1
Ne4 15. Nf3 Bg3 16. Bxg7 Rg8 17. Qxb7 Rxg7 18. fxg3 Qxg3 19. Qxc6+ Kf8 20. Qxe4
Qxg2+ 21. Ke1 Qg3+ 22. Kf1 Qxh3+ 23. Ke1 1/2-1/2

[Event "Bayern-chTT (LL Sued)"]
[Site "Bayern 2008/09"]
[Date "2009.01.18"]
[Round "5.7"]
[White "Sindermann, Peter(68)"]
[Black "Schreiner, Richard"]
[Result "0-1"]
[WhiteElo "1897"]
[BlackElo "2096"]
[PlyCount "108"]
[EventDate "2009.03.??"]
[EventType "team-tourn"]
[EventRounds "9"]
[WhiteTeam "Weilheim 1"]
[BlackTeam "Garching 1"]

1. c4 Nf6 2. Nc3 c6 3. e4 d6 4. d4 Nbd7 5. f4 e5 6. d5 exf4 7. Bxf4 Qe7 8. Bd3
Nc5 9. Qc2 g6 10. Nf3 Bg7 11. O-O Ng4 12. Rae1 O-O 13. h3 Ne5 14. Nxe5 Bxe5 15.
b4 Bxf4 16. Rxf4 Nd7 17. Qf2 Qe5 18. Nd1 a5 19. Rf1 Qe7 20. b5 f6 21. Bc2 Kg7
22. h4 Ne5 23. Ne3 cxb5 24. g4 Bd7 25. cxb5 Bxb5 26. Rb1 Bd3 27. h5 Rac8 28.
Qd2 Rxc2 29. Nxc2 Bxe4 30. Rxe4 Nf3+ 31. Kf2 Qxe4 32. Rxb7+ Rf7 33. h6+ Kg8 34.
Rb8+ Rf8 35. Rxf8+ Kxf8 36. Qc3 Ng5 37. Qxf6+ Ke8 38. Qxg5 Qxc2+ 39. Kg3 Qd3+
40. Kf2 Qc2+ 41. Ke1 Qb1+ 42. Kf2 Qxa2+ 43. Kf3 Qb3+ 44. Ke2 Qc2+ 45. Ke1 Qe4+
46. Kd1 a4 47. Kc1 Qe5 48. Qd2 Qa1+ 49. Kc2 Qa2+ 50. Kc3 Qxd2+ 51. Kxd2 g5 52.
Kc3 Ke7 53. Kb4 Kf6 54. Kxa4 Ke5 0-1

[Event "Bayern-chTT (LL Sued)"]
[Site "Bayern 2008/09"]
[Date "2009.01.18"]
[Round "5.8"]
[White "Rusche, Johannes"]
[Black "Tafertshofer, Matthias"]
[Result "1-0"]
[WhiteElo "2036"]
[BlackElo "1527"]
[PlyCount "51"]
[EventDate "2009.03.??"]
[EventType "team-tourn"]
[EventRounds "9"]
[WhiteTeam "Garching 1"]
[BlackTeam "Weilheim 1"]

1. e4 e6 2. d4 d5 3. Bd3 c5 4. c3 Nc6 5. Ne2 cxd4 6. cxd4 Nf6 7. e5 Nd7 8. O-O
Be7 9. Nbc3 O-O 10. Be3 Re8 11. Kh1 f6 12. f4 Qb6 13. Rf3 f5 14. Rh3 Nf8 15.
Bf2 Ng6 16. Qg1 Qd8 17. g4 Rf8 18. Qg2 Nb4 19. Bb1 b6 20. a3 Nc6 21. b4 Bb7 22.
Ba2 Qe8 23. Rg1 Qf7 24. gxf5 Qxf5 25. Bb1 Qf7 26. Rxh7 1-0

[Event "Bayern-chTT (LL Sued)"]
[Site "Bayern 2008/09"]
[Date "2009.01.18"]
[Round "5.1"]
[White "Unger, Michael(60)"]
[Black "Herich, Manfred"]
[Result "0-1"]
[WhiteElo "2110"]
[BlackElo "2161"]
[PlyCount "94"]
[EventDate "2009.03.??"]
[EventType "team-tourn"]
[EventRounds "9"]
[WhiteTeam "Sendling 1"]
[BlackTeam "München-Bayern 3"]

1. d4 Nf6 2. Nf3 e6 3. e3 b6 4. Bd3 d5 5. O-O Be7 6. Nbd2 Bb7 7. Ne5 Nbd7 8. f4
c5 9. c3 Qc7 10. Qe2 O-O 11. Qf3 a5 12. a4 Ba6 13. Bxa6 Rxa6 14. g4 Raa8 15.
Rf2 Rac8 16. Rg2 Ne8 17. Nd3 Nd6 18. Nf1 Nf6 19. Bd2 Nfe4 20. Be1 c4 21. Nf2 f5
22. Ng3 Bh4 23. Nfxe4 dxe4 24. Qe2 Bxg3 25. Rxg3 Qc6 26. Qc2 Ne8 27. b4 axb4
28. cxb4 Nf6 29. gxf5 exf5 30. b5 Qd6 31. a5 bxa5 32. Rxa5 Nd5 33. Ra7 g6 34.
Bc3 Ra8 35. Rb7 Qa3 36. Qg2 Qc1+ 37. Qf1 Qxf1+ 38. Kxf1 Nxc3 39. Rh3 Ra1+ 40.
Kf2 Ra2+ 41. Kf1 Rf7 42. Rxf7 Kxf7 43. Rxh7+ Kf6 44. Rc7 Nd5 45. Rc5 Nxe3+ 46.
Ke1 Ng2+ 47. Kd1 Nxf4 0-1

[Event "Bayern-chTT (LL Sued)"]
[Site "Bayern 2008/09"]
[Date "2009.01.18"]
[Round "5.2"]
[White "Rajic, Ivica"]
[Black "Kuenzner, Franz"]
[Result "0-1"]
[WhiteElo "2090"]
[BlackElo "2278"]
[PlyCount "124"]
[EventDate "2009.03.??"]
[EventType "team-tourn"]
[EventRounds "9"]
[WhiteTeam "München-Bayern 3"]
[BlackTeam "Sendling 1"]

1. d4 d5 2. Nf3 c6 3. g3 Bg4 4. Bg2 Nd7 5. Nbd2 Bxf3 6. exf3 Qb6 7. c3 e6 8.
O-O Bd6 9. f4 Ne7 10. b3 O-O 11. a4 c5 12. Nf3 Nc6 13. a5 Qc7 14. dxc5 Nxc5 15.
Bb2 Rfd8 16. b4 Ne4 17. Re1 Be7 18. Qa4 a6 19. Rac1 b5 20. axb6 Qxb6 21. Re3
Nd6 22. Bf1 Bf6 23. Ne5 Bxe5 24. fxe5 Nc4 25. Bxc4 dxc4 26. Rce1 Rd5 27. Qa2
Qb5 28. f4 Rad8 29. Bc1 Ne7 30. Re4 Rc8 31. Be3 Rd3 32. Bc5 Nd5 33. Qxc4 Nxc3
34. Qxb5 axb5 35. R4e3 Rxe3 36. Rxe3 Na4 37. Bd6 h5 38. h3 Rc2 39. g4 hxg4 40.
hxg4 Rc4 41. Rf3 Nc3 42. Kg2 Nd5 43. Kg3 Nxb4 44. f5 Nd5 45. fxe6 fxe6 46. Rf8+
Kh7 47. Rb8 Kh6 48. Rxb5 Kg5 49. Rb8 Rc3+ 50. Kf2 Kxg4 51. Re8 Rc2+ 52. Ke1 Nf4
53. Kd1 Rg2 54. Bc5 Kf5 55. Ba7 g5 56. Bb8 g4 57. Ke1 g3 58. Ba7 Ra2 59. Bb6
Ke4 60. Rg8 Ra6 61. Rb8 Ra1+ 62. Kd2 Rb1 0-1

[Event "Bayern-chTT (LL Sued)"]
[Site "Bayern 2008/09"]
[Date "2009.01.18"]
[Round "5.3"]
[White "Schamberger, Alfons"]
[Black "Kunze, Holger"]
[Result "1/2-1/2"]
[WhiteElo "2162"]
[BlackElo "2068"]
[PlyCount "35"]
[EventDate "2009.03.??"]
[EventType "team-tourn"]
[EventRounds "9"]
[WhiteTeam "Sendling 1"]
[BlackTeam "München-Bayern 3"]

1. c4 c6 2. d4 d5 3. e3 Nf6 4. Nf3 e6 5. Bd3 dxc4 6. Bxc4 Nbd7 7. O-O Bd6 8.
Nc3 O-O 9. e4 e5 10. Bb3 Qc7 11. Be3 Ng4 12. h3 Nxe3 13. fxe3 Nf6 14. Rc1 Qe7
15. Qe1 Bd7 16. Qh4 Rae8 17. Rce1 h6 18. Kh1 1/2-1/2

[Event "Bayern-chTT (LL Sued)"]
[Site "Bayern 2008/09"]
[Date "2009.01.18"]
[Round "5.4"]
[White "Enigl, Karl"]
[Black "Nissen, Jens"]
[Result "1/2-1/2"]
[WhiteElo "2089"]
[BlackElo "2106"]
[PlyCount "42"]
[EventDate "2009.03.??"]
[EventType "team-tourn"]
[EventRounds "9"]
[WhiteTeam "München-Bayern 3"]
[BlackTeam "Sendling 1"]

1. d4 g6 2. c4 Bg7 3. Nc3 d6 4. e4 e5 5. Be3 Nh6 6. f3 f6 7. Nge2 exd4 8. Nxd4
Nc6 9. Be2 Nxd4 10. Qxd4 Be6 11. O-O O-O 12. Qd2 Nf7 13. Rad1 f5 14. exf5 Bxf5
15. Bd3 Be6 16. b3 a5 17. Be4 Qc8 18. Rfe1 Ne5 19. Nd5 Nc6 20. Nf4 Bf7 21. Nd5
Bxd5 1/2-1/2

[Event "Bayern-chTT (LL Sued)"]
[Site "Bayern 2008/09"]
[Date "2009.01.18"]
[Round "5.5"]
[White "Altmann, Christoph"]
[Black "Schuetz, Guenter(54)"]
[Result "1/2-1/2"]
[WhiteElo "2056"]
[BlackElo "2167"]
[PlyCount "176"]
[EventDate "2009.03.??"]
[EventType "team-tourn"]
[EventRounds "9"]
[WhiteTeam "Sendling 1"]
[BlackTeam "München-Bayern 3"]

1. d4 f5 2. Bg5 g6 3. Nd2 Bg7 4. e4 fxe4 5. Nxe4 d5 6. Nc5 b6 7. Nb3 Nh6 8. Nf3
Nf7 9. Bh4 O-O 10. Be2 c5 11. O-O c4 12. Nbd2 Nc6 13. c3 Nd6 14. b3 cxb3 15.
Qxb3 Nf5 16. Bg3 Nxg3 17. fxg3 Bh6 18. Rae1 a6 19. Bd3 Bf5 20. Bxf5 Rxf5 21.
Re6 Rf6 22. Rfe1 Rxe6 23. Rxe6 Qd7 24. Re2 Rb8 25. Qa3 a5 26. Nf1 Bg7 27. Qb3
b5 28. Ne3 Rd8 29. Rd2 Qe6 30. Kf2 b4 31. a3 a4 32. Qxa4 bxc3 33. Re2 Rb8 34.
Nc2 Qf6 35. g4 h6 36. Re3 Rb2 37. Rxc3 Nxd4 38. Rc8+ Kh7 39. Qxd4 Qxd4+ 40.
Nfxd4 Bxd4+ 41. Kf3 Rb3+ 42. Ke2 Bb6 43. Re8 Bc5 44. Rd8 Bd6 45. Ne3 Rb5 46. h4
Rb2+ 47. Kd3 Rb3+ 48. Kd2 d4 49. Nc4 d3 50. Ke3 Bc5+ 51. Kd2 Bxa3 52. Rxd3 Bb4+
53. Kc2 Rxd3 54. Kxd3 Kg7 55. Ke4 Kf6 56. Ne5 Bd6 57. Nf3 Bg3 58. g5+ hxg5 59.
hxg5+ Ke6 60. Nd4+ Kd6 61. Nf3 Ke6 62. Nd4+ Kd6 63. Nb5+ Kc5 64. Nc3 Kd6 65.
Ne2 Be5 66. Ng1 Bc3 67. Nf3 Ke6 68. Nh4 Kf7 69. Kd5 Bd2 70. Nf3 Bc1 71. Ke5 Be3
72. Ke4 Bc1 73. Ke5 Be3 74. Ke4 Bc1 75. Ne5+ Ke6 76. Nxg6 Bxg5 77. Ne5 Bf6 78.
Nd3 Bg5 79. Ne1 Kf6 80. Nf3 Bc1 81. Nd4 Kg5 82. Kf3 Bb2 83. Nc6 e6 84. Ke4 Kg4
85. Nd8 e5 86. Nc6 Kg3 87. Nxe5 Bxe5 88. Kxe5 Kxg2 1/2-1/2

[Event "Bayern-chTT (LL Sued)"]
[Site "Bayern 2008/09"]
[Date "2009.01.18"]
[Round "5.6"]
[White "Schulz, Michael(58)"]
[Black "Haas, Peter(68)"]
[Result "1-0"]
[WhiteElo "2099"]
[BlackElo "2039"]
[PlyCount "73"]
[EventDate "2009.03.??"]
[EventType "team-tourn"]
[EventRounds "9"]
[WhiteTeam "München-Bayern 3"]
[BlackTeam "Sendling 1"]

1. Nf3 Nf6 2. d4 e6 3. e3 b6 4. Bd3 Bb7 5. O-O d5 6. b3 Be7 7. Ne5 O-O 8. Nd2
Ne4 9. Nxe4 dxe4 10. Bc4 Nd7 11. Nxd7 Qxd7 12. Bb2 Bf6 13. Qe2 a6 14. a4 Rfd8
15. Rfd1 Qc8 16. Rd2 Bd5 17. a5 Bxc4 18. Qxc4 b5 19. Qc6 b4 20. Qxe4 Rb8 21.
Qc6 Qb7 22. Qxb7 Rxb7 23. Kf1 c5 24. Ke2 Kf8 25. f4 Ke7 26. Rad1 Rbd7 27. g4 g6
28. Rd3 Ke8 29. c3 cxd4 30. cxb4 Be7 31. b5 axb5 32. Rxd4 Bb4 33. Rxd7 Rxd7 34.
Rxd7 Kxd7 35. a6 Bc5 36. Kd3 Kc6 37. Bd4 1-0

[Event "Bayern-chTT (LL Sued)"]
[Site "Bayern 2008/09"]
[Date "2009.01.18"]
[Round "5.7"]
[White "Stielfried, Martin"]
[Black "Klenk, Robert"]
[Result "1-0"]
[WhiteElo "2145"]
[BlackElo "2086"]
[PlyCount "65"]
[EventDate "2009.03.??"]
[EventType "team-tourn"]
[EventRounds "9"]
[WhiteTeam "Sendling 1"]
[BlackTeam "München-Bayern 3"]

1. Nf3 Nf6 2. c4 e6 3. g3 b6 4. Bg2 Bb7 5. O-O Be7 6. b3 O-O 7. Bb2 c5 8. d3
Nc6 9. e4 d5 10. Qe2 dxe4 11. dxe4 Qc7 12. e5 Nd7 13. Nbd2 Rfd8 14. Rad1 Nf8
15. h4 Rd7 16. h5 Rad8 17. Ne4 Rxd1 18. Rxd1 Rxd1+ 19. Qxd1 Nd7 20. Nd6 Bxd6
21. exd6 Qd8 22. h6 g6 23. Qc1 f6 24. Qe3 Nf8 25. Nd2 Na5 26. Bxb7 Nxb7 27. Ne4
Nxd6 28. Qd3 Nb7 29. Nxf6+ Kf7 30. Qf3 Nd6 31. Nxh7+ Nf5 32. Nxf8 Kxf8 33. h7
1-0

[Event "Bayern-chTT (LL Sued)"]
[Site "Bayern 2008/09"]
[Date "2009.01.18"]
[Round "5.8"]
[White "Loos, Stephan(66)"]
[Black "Klein, Stefan Dr(59)"]
[Result "1-0"]
[WhiteElo "2005"]
[BlackElo "1977"]
[PlyCount "73"]
[EventDate "2009.03.??"]
[EventType "team-tourn"]
[EventRounds "9"]
[WhiteTeam "München-Bayern 3"]
[BlackTeam "Sendling 1"]

1. d4 Nf6 2. c4 e6 3. Nc3 c5 4. d5 exd5 5. cxd5 d6 6. e4 g6 7. f4 Bg7 8. Nf3
O-O 9. Be2 Bg4 10. O-O Bxf3 11. Bxf3 Nbd7 12. Be3 a6 13. a4 Qe7 14. Qd3 Rfc8
15. e5 dxe5 16. d6 Qd8 17. Bxb7 Ng4 18. Nd5 Qh4 19. h3 e4 20. Qe2 Nxe3 21. Nxe3
Bd4 22. Bxc8 Rxc8 23. Kh1 Rb8 24. Rab1 Nf6 25. Qe1 Qh6 26. b3 Nh5 27. Nd5 e3
28. Qh4 Qf8 29. Ne7+ Kh8 30. Nc6 Rb6 31. d7 Bf6 32. Qxf6+ Nxf6 33. d8=Q Qxd8
34. Nxd8 Kg8 35. Rfe1 Nd5 36. Rbd1 Nxf4 37. Rxe3 1-0

[Event "Bayern-chTT (LL Sued)"]
[Site "Bayern 2008/09"]
[Date "2009.01.18"]
[Round "5.1"]
[White "Teske, Henrik"]
[Black "Umansky, Mikhail(52)"]
[Result "1-0"]
[WhiteElo "2505"]
[BlackElo "2414"]
[PlyCount "93"]
[EventDate "2009.03.??"]
[EventType "team-tourn"]
[EventRounds "9"]
[WhiteTeam "Tegernsee 2"]
[BlackTeam "Haunstetten 1"]

1. d4 Nf6 2. Nf3 g6 3. Nc3 d5 4. Bf4 Bg7 5. Qd2 O-O 6. Bh6 Ne4 7. Nxe4 dxe4 8.
Bxg7 Kxg7 9. Ng5 f5 10. h4 e5 11. dxe5 Qxd2+ 12. Kxd2 h6 13. Nh3 Nc6 14. f4
exf3 15. exf3 Rd8+ 16. Kc3 Nxe5 17. Re1 Kf6 18. Nf4 Rd6 19. Bc4 Nxc4 20. Kxc4
Bd7 21. Rd1 Rc6+ 22. Kb3 Be8 23. c3 Bf7+ 24. Kc2 a5 25. a4 Rc4 26. Nd5+ Bxd5
27. Rxd5 Rxa4 28. Rc5 c6 29. g3 Rc8 30. Kb3 b5 31. h5 g5 32. Rd1 g4 33. Rd6+
Ke7 34. Rxh6 f4 35. Re5+ Kd7 36. fxg4 fxg3 37. Rg6 g2 38. Re1 Rf8 39. Rg7+ Kd6
40. Rd1+ Kc5 41. h6 Rf1 42. h7 Rxd1 43. h8=Q Rf4 44. Rg5+ Rd5 45. Rxd5+ Kxd5
46. Qh2 Rxg4 47. Qh5+ 1-0

[Event "Bayern-chTT (LL Sued)"]
[Site "Bayern 2008/09"]
[Date "2009.01.18"]
[Round "5.2"]
[White "Grimberg, Boris"]
[Black "Pezerovic, Edin"]
[Result "1/2-1/2"]
[WhiteElo "2300"]
[BlackElo "2432"]
[PlyCount "71"]
[EventDate "2009.03.??"]
[EventType "team-tourn"]
[EventRounds "9"]
[WhiteTeam "Haunstetten 1"]
[BlackTeam "Tegernsee 2"]

1. e4 c6 2. Nf3 d5 3. exd5 cxd5 4. Ne5 Nf6 5. d4 Nc6 6. Bb5 Qb6 7. c4 e6 8. Qa4
Bd7 9. Nxd7 Nxd7 10. cxd5 Bb4+ 11. Nc3 exd5 12. O-O Bxc3 13. bxc3 O-O 14. Bf4
Nf6 15. Bd3 Na5 16. Rab1 Qd8 17. Qd1 Rc8 18. Qf3 Rc6 19. Rfe1 Qc8 20. Be5 Qg4
21. Qe3 a6 22. h3 Qh4 23. Qf3 b5 24. Re3 Qh5 25. Qg3 Nc4 26. Bxc4 bxc4 27. Bxf6
Rxf6 28. Rb8 g6 29. Rxf8+ Kxf8 30. Qb8+ Kg7 31. Re8 Qd1+ 32. Kh2 Qd2 33. Qb4
Qf4+ 34. Kh1 Qc1+ 35. Kh2 Qf4+ 36. Kh1 1/2-1/2

[Event "Bayern-chTT (LL Sued)"]
[Site "Bayern 2008/09"]
[Date "2009.01.18"]
[Round "5.3"]
[White "Taeger, Winfried"]
[Black "Wolf, Armin(61)"]
[Result "1-0"]
[WhiteElo "2232"]
[BlackElo "2129"]
[PlyCount "80"]
[EventDate "2009.03.??"]
[EventType "team-tourn"]
[EventRounds "9"]
[WhiteTeam "Tegernsee 2"]
[BlackTeam "Haunstetten 1"]

1. e4 g6 2. d4 Bg7 3. Nf3 d6 4. Be2 Nf6 5. Nc3 e6 6. O-O a6 7. a4 b6 8. Re1 Bb7
9. Bf1 h6 10. h3 Nbd7 11. Bf4 g5 12. Bh2 Nh7 13. Qd3 O-O 14. Rad1 Kh8 15. e5
Bxf3 16. Qxf3 d5 17. Qg4 Re8 18. f4 f5 19. exf6 Ndxf6 20. Qf3 Qd7 21. Bd3 c6
22. fxg5 Nxg5 23. Qf2 b5 24. Be5 Rf8 25. Qh4 Kg8 26. Rf1 b4 27. Ne2 Nfe4 28.
Bxg7 Qxg7 29. Qg4 Nf6 30. Qg3 Nfe4 31. Qe3 Nf6 32. Nf4 Rfe8 33. h4 Nge4 34.
Bxe4 Nxe4 35. Rf3 Rf8 36. Rdf1 Rae8 37. Nd3 Rxf3 38. Rxf3 a5 39. Nc5 e5 40.
Nxe4 dxe4 1-0

[Event "Bayern-chTT (LL Sued)"]
[Site "Bayern 2008/09"]
[Date "2009.01.18"]
[Round "5.4"]
[White "Herb, Stefan"]
[Black "Gnegel, Boris-Igor"]
[Result "1/2-1/2"]
[WhiteElo "2029"]
[BlackElo "2043"]
[PlyCount "64"]
[EventDate "2009.03.??"]
[EventType "team-tourn"]
[EventRounds "9"]
[WhiteTeam "Haunstetten 1"]
[BlackTeam "Tegernsee 2"]

1. d4 Nf6 2. Nf3 g6 3. g3 b6 4. Bg2 Bb7 5. c4 Bg7 6. Nc3 O-O 7. O-O d6 8. Qc2
Nbd7 9. e4 e5 10. d5 a5 11. a3 h6 12. Ne1 Nc5 13. b3 Qe7 14. Rb1 Ba6 15. f3
Rfb8 16. a4 Bc8 17. Be3 Na6 18. Qd2 Kh7 19. Nd3 Bd7 20. Nb5 c6 21. dxc6 Bxc6
22. Nc3 Nc5 23. Rfd1 Ne8 24. Nc1 Qe6 25. Nd5 Bxd5 26. Qxd5 Qxd5 27. Rxd5 Rd8
28. Ne2 f5 29. Bxc5 bxc5 30. Nc3 Nc7 31. Rd3 Ne6 32. Rd5 Nc7 1/2-1/2

[Event "Bayern-chTT (LL Sued)"]
[Site "Bayern 2008/09"]
[Date "2009.01.18"]
[Round "5.5"]
[White "Lettl, Gerhard"]
[Black "Fehmer, Dirk"]
[Result "1/2-1/2"]
[WhiteElo "2020"]
[BlackElo "2021"]
[PlyCount "42"]
[EventDate "2009.03.??"]
[EventType "team-tourn"]
[EventRounds "9"]
[WhiteTeam "Tegernsee 2"]
[BlackTeam "Haunstetten 1"]

1. e4 d6 2. d4 Nf6 3. Nc3 e5 4. Nf3 Nbd7 5. Bc4 Be7 6. O-O O-O 7. h3 c6 8. a4
Qc7 9. Bb3 b6 10. Bg5 a6 11. Qe2 Bb7 12. Rad1 b5 13. axb5 axb5 14. Qe3 b4 15.
Ne2 c5 16. dxe5 dxe5 17. Nd2 Nb6 18. Bxf6 Bxf6 19. Nc4 Rfd8 20. Nxb6 Qxb6 21.
Bc4 Bc6 1/2-1/2

[Event "Bayern-chTT (LL Sued)"]
[Site "Bayern 2008/09"]
[Date "2009.01.18"]
[Round "5.6"]
[White "Rubke, Manfred"]
[Black "Billenkamp, Thomas"]
[Result "1/2-1/2"]
[WhiteElo "2107"]
[BlackElo "1971"]
[PlyCount "28"]
[EventDate "2009.03.??"]
[EventType "team-tourn"]
[EventRounds "9"]
[WhiteTeam "Haunstetten 1"]
[BlackTeam "Tegernsee 2"]

1. c4 g6 2. g3 Bg7 3. Bg2 d6 4. f4 c5 5. Nc3 Nc6 6. Nf3 e6 7. e4 Nge7 8. d3 a6
9. a4 Rb8 10. O-O O-O 11. Kh1 Bd7 12. g4 f5 13. exf5 gxf5 14. g5 Nd4 1/2-1/2

[Event "Bayern-chTT (LL Sued)"]
[Site "Bayern 2008/09"]
[Date "2009.01.18"]
[Round "5.7"]
[White "Leckner, Horst"]
[Black "Weichlein, Paul"]
[Result "0-1"]
[WhiteElo "1966"]
[BlackElo "1771"]
[PlyCount "98"]
[EventDate "2009.03.??"]
[EventType "team-tourn"]
[EventRounds "9"]
[WhiteTeam "Tegernsee 2"]
[BlackTeam "Haunstetten 1"]

1. e4 c5 2. Nf3 Nc6 3. d4 cxd4 4. Nxd4 g6 5. Nxc6 bxc6 6. Qd4 Nf6 7. e5 Nd5 8.
e6 f6 9. exd7+ Bxd7 10. a3 e5 11. Qh4 Qb6 12. Bd3 f5 13. O-O e4 14. Bc4 Be7 15.
Qg3 Qc5 16. Qe5 Kf7 17. Bxd5+ Qxd5 18. Qxd5+ cxd5 19. Rd1 Ke6 20. Nc3 Bc6 21.
Be3 g5 22. Ne2 Rhc8 23. Nd4+ Ke5 24. Nxc6+ Rxc6 25. Bd4+ Ke6 26. Rd2 Bc5 27.
Bxc5 Rxc5 28. c3 f4 29. Rad1 Rd8 30. Kf1 Ke5 31. Ke2 a5 32. Rd4 Rd6 33. R1d2 g4
34. f3 e3 35. R2d3 Rb5 36. b4 axb4 37. axb4 Ra6 38. fxg4 Ra2+ 39. Kf1 Rf2+ 40.
Kg1 Rc2 41. g3 Rc1+ 42. Rd1 Rxd1+ 43. Rxd1 f3 44. Rd3 d4 45. Rxd4 Rd5 46. Rxd5+
Kxd5 47. b5 Kc4 48. b6 Kd3 49. b7 Ke2 0-1